Statistiques concernant Focus sur: Severus Rogue - Harry Potter

Cliquez ici pour prendre le quiz!

Statistiques générales

  • Ce quiz a été pris 1 794 fois
  • Le résultat moyen est 10 sur 12

Statistiques - réponses

Informations recherchéesRéponses% Correct
Lieu de rencontre avec Harry PotterCachots de Poudlard
98%
Couleur des cheveuxNoir
98%
Ecole fréquentéePoudlard
98%
ProfessionProfesseur de potions/Directeur
97%
Statut du sangSang-Mêlé
97%
Maison fréquentéeSerpentard
96%
PatronusBiche
93%
Première apparitionHarry Potter à l'école des sorciers
93%
Acteur l'interprétant dans les filmsAlan Rickman
73%
MèreEileen Prince
63%
SurnomLe Prince de Sang-Mêlé
51%
PèreTobias Rogue
40%

Distribution des résultats

Percentile par nombre de réponses

% des personnes avec chaque résultat

Votre développement - résultats

Vous n’avez pas pris ce quiz